000 00304nam a2200109Ia 4500
008 220630s9999 xx 000 0 und d
020 _a978-0-435-90536-1
082 _aEF-Afri
100 _aAchebe, Chinua
_91515
245 0 _aAfrican short stories
942 _cBK
_w561
_xJohn Tresidder
_y
_zCRON CRON
999 _c698675
_d698674